Kalkulácie a ich uplatnenie v riadení podniku diplomová práca

Uložené v:
Podrobná bibliografia
Hlavný autor: Kovács, František
Korporativný autor: Fakulta hospodárskej informatiky EU. Katedra účtovníctva a audítorstva
Ďalší autori: Antalová, Renáta
Médium: Kniha
Jazyk:Slovak
Vydavateľské údaje: Bratislava 2019
Tagy: Pridať tag
Žiadne tagy, Buďte prvý, kto otaguje tento záznam!

MARC

LEADER 00000nbm a2200000 4500
001 0254210
005 20240807084134.4
041 0 |a slo 
044 |a SK 
245 1 0 |a Kalkulácie a ich uplatnenie v riadení podniku  |b diplomová práca  |c František Kovács ; školiteľ: Renáta Antalová 
264 1 |a Bratislava  |c 2019 
300 |a 51 s. 
100 1 |a Kovács, František 
700 1 |a Antalová, Renáta 
710 2 |a Fakulta hospodárskej informatiky EU. Katedra účtovníctva a audítorstva